000 00507nam a2200157Ia 4500
008 210716s2009 xx 000 0 und d
020 _a9780070677388
041 _aeng
082 _a338.04 TIMJ
100 _aTimmons, Jeffry A; Spinelli, Stephen.
245 _aNew venture creation: entrepreneurship for the 21st century.
_bEntrepreneurship for the 21st century.
250 _a7
260 _aNew Delhi
_bTata McGraw Hill Publishing Company Ltd
_c2009
300 _axxx,658
650 _aEntrepreneurship
999 _c204733
_d204733